| 000 | 00414nam a2200145 a 4500 | ||
|---|---|---|---|
| 001 | 3008 | ||
| 003 | CDMR | ||
| 005 | 20130116135238.0 | ||
| 008 | 130130s1995||||||||||||||||||||||||||||d | ||
| 040 |
_aCDMR _bcat _cCPC LLEIDA |
||
| 100 | 1 |
_aIsus Barado, Sofía _92210 |
|
| 245 | 1 | 0 |
_aOrientación Universitaria _bde la enseñanza secundaria a la Universidad _cISUS BARADO, Sofía |
| 260 |
_aLleida _c1995 _bUdL |
||
| 942 | _cMON | ||
| 999 |
_c3008 _d3008 |
||